Czy znasz państwa na literę R.. - Statystyki

Ogólne statystyki
  • Ten quiz został rozwiązany 386 razy
  • Średni wynik to 3 z 6
Statystyki odpowiedzi
Literka Kraj % Poprawnych
R Rosja
93%
R Rumunia
86%
R Rwanda
66%
R Republika Południowej Afryki
60%
R Republika Zielonego Przylądka
38%
R Republika Środkoafrykańska
1%
Nie znaleziono quizów pasujących do podanych kryteriów
Rozkład punktacji
Procent ludzi z każdym wynikiem
Percentyl według liczby udzielonych odpowiedzi
Twoja historia wyników
Nie rozwiązałeś tego quizu